000 00307nam a2200133Ia 4500
100 _aFeibel Werner
942 _cBK
654 _aTurbo pascal handbook 7
245 _aTurbo pascal 7 : Handbook
260 _bObsorne/ McGraw - Hill
_aNew Delhi
_c1998
300 _a456
546 _aENGLISH
999 _c20119
_d20119